| 000 | 01144nam a2200337 a 4500 | ||
|---|---|---|---|
| 001 | 67706 | ||
| 003 | BD-RjUL | ||
| 005 | 20211209081702.0 | ||
| 008 | 170328s1993 enka b 001 0 eng | ||
| 020 |
_a0198562810 : _c60.00 |
||
| 020 |
_a0198562802 (pbk.) : _c35.75 |
||
| 035 | _a(BD-RjUL)67915 | ||
| 040 |
_aDLC _cDLC _dIAY _dMYG _dBD-RjUL _beng |
||
| 041 | _aeng | ||
| 082 |
_223 _a620.11297 _bSOL 1993 |
||
| 090 |
_aQC176.8.E35 _bS692 1993 |
||
| 099 | _aQC176.8.E35.S692 1993 | ||
| 100 | 1 |
_aSolymar, L. _q(Laszlo) _9200734 |
|
| 245 | 1 | 0 |
_aLectures on the electrical properties of materials / _cL. Solymar and D. Walsh. |
| 250 | _a5th ed. | ||
| 260 |
_aNew York : _bOxford University Press, _c1993. |
||
| 300 |
_axiv, 482 p. : _bill. ; _c25 cm. |
||
| 504 | _aIncludes bibliographical references (p. [469]-470) and index. | ||
| 650 | 0 |
_aSolids _xElectric properties. _9158943 |
|
| 650 | 0 |
_aMaterials _xElectric properties. _9200735 |
|
| 650 | 0 |
_aEnergy-band theory of solids. _9117118 |
|
| 650 | 0 |
_aFree electron theory of metals. _9200736 |
|
| 700 | 1 |
_aWalsh, D. _q(Donald) _9200737 |
|
| 942 |
_2ddc _cBK |
||
| 949 |
_aMYGE _b39080008635309 |
||
| 999 |
_c67706 _d67706 |
||